[Event "Cape Town op"]
[Site "Cape Town"]
[Date "2024.01.06"]
[Round "8"]
[White "Brander, Waylon"]
[Black "Ncethelo, Bongolethu"]
[Result "1/2-1/2"]
[WhiteElo "1819"]
[BlackElo "1782"]
[PlyCount "108"]
[EventDate "2024.01.03"]
[EventType "swiss"]
[EventRounds "9"]
[EventCountry "RSA"]
[SourceTitle "EXT 2025"]
[Source "ChessBase"]
[SourceDate "2024.10.14"]
[SourceVersion "1"]
[SourceVersionDate "2024.10.14"]
[SourceQuality "1"]

1. d4 Nf6 2. c4 e6 3. Nf3 d5 4. Nc3 Be7 5. Bf4 0-0 6. e3 c5 7. dxc5 Bxc5 8. a3 Nc6 9. Qc2 Bd6 10. Bxd6 Qxd6 11. Rd1 Ne5 12. Be2 Bd7 13. cxd5 exd5 14. 0-0 Rac8 15. Nxe5 Qxe5 16. Bf3 Bg4 17. Qe2 Be6 18. Rd4 Rfd8 19. Rfd1 Rd7 20. Qb5 Rcd8 21. h3 Qg5 22. Kf1 h6 23. Ne2 Ne4 24. Nf4 Nd6 25. Qa4 Nc4 26. Qb4 Nb6 27. a4 Qe5 28. a5 Nc8 29. Nd3 Qg5 30. Nc5 Ne7 31. Nxd7 Nc6 32. Qxb7 Nxd4 33. Rxd4 Rxd7 34. Qb8+ Kh7 35. Qb5 Qd8 36. b4 Qc8 37. Bxd5 Bxd5 38. Rxd5 Rb7 39. Qd3+ g6 40. Qd4 Qc1+ 41. Ke2 Qc2+ 42. Kf3 Qc6 43. Kg3 Rxb4 44. Qxb4 Qxd5 45. Kh2 a6 46. Qb6 Qc4 47. e4 Kg7 48. Qb2+ Kh7 49. Qe5 Kg8 50. Qd5 Qe2 51. Kg3 h5 52. Qd8+ Kg7 53. Qd4+ Kg8 54. e5 Qb5 1/2-1/2

[Event "South African op"]
[Site "Cape Town"]
[Date "2022.07.09"]
[Round "2"]
[White "Zuma, Mbusiswa"]
[Black "Brander, Waylon"]
[Result "0-1"]
[WhiteElo "1642"]
[BlackElo "1723"]
[PlyCount "88"]
[EventDate "2022.07.09"]
[EventType "swiss"]
[EventRounds "11"]
[EventCountry "RSA"]
[SourceTitle "CBM 209 Extra"]
[Source "ChessBase"]
[SourceDate "2022.09.30"]
[SourceVersion "1"]
[SourceVersionDate "2022.09.30"]
[SourceQuality "1"]

1. e4 c6 2. Nc3 d5 3. d4 dxe4 4. Nxe4 Nd7 5. Nf3 Ngf6 6. Nfd2 g6 7. Bc4 Bg7 8. 0-0 0-0 9. c3 e5 10. dxe5 Nxe5 11. Nxf6+ Qxf6 12. Bb3 Bg4 13. f3 Bf5 14. Ne4 Bxe4 15. fxe4 Qe7 16. Be3 Rad8 17. Qe2 b6 18. Bd4 Nd7 19. Rf3 c5 20. Bxg7 Kxg7 21. Raf1 f6 22. Rg3 f5 23. Re3 f4 24. Ref3 g5 25. Rh3 Rf6 26. Bd5 Ne5 27. Qh5 h6 28. c4 Qd6 29. Rc3 Rdf8 30. h3 Ng6 31. Rd1 Nh4 32. Ra3 a5 33. Qg4 f3 34. g3 Ng6 35. Kf2 Ne5 36. Qh5 Nxc4 37. Rb3 Ne5 38. Re3 c4 39. b3 Qa3 40. Rd2 Qc1 41. Rd4 Qb2+ 42. Kf1 Qg2+ 43. Ke1 f2+ 44. Kd1 f1Q+ 0-1